=LDR 00000nam 2200000 4500 =001 INLIS000000000008904 =005 20130612100727 =008 ***********************************Ind** =035 ##$$0010-061300000008904 =041 ##$$a Ind =082 ##$$a F Rom D =090 ##$$a F Rom D, Buc h =100 ##$$a Buck, Pert S =245 ##$$a Hati yang Angkuh, Pearl S.Buck ; Alih bahasa, Sutanty Lesmana =260 ##$$a 1997 $b Jakarta =300 ##$$a 512 hlm, 18 cm =650 ##$$a Fiksi Dewasa - Terjemahan =700 ##$$a Lesmana, Sutanty =850 ##$$a NBPNMAT